|
|
|
|
| LEADER |
01362ppm a22003138a 4500 |
| 001 |
00028437 |
| 008 |
120328s2011 ||||||viesd |
| 005 |
20171026081023.0 |
| 041 |
0 |
# |
|a vie
|
| 082 |
1 |
4 |
|a 515
|b B452D
|
| 100 |
1 |
# |
|a Lê, Thị Hồng Thảo
|
| 245 |
1 |
0 |
|a Bồi dưỡng năng lực biến đổi đồng nhất các biểu thức lượng giác vài dạy học chương VI đại số 10 (nâng cao)
|b Khóa luận tốt nghiệp : Ngành Sư phạm Toán : Trình độ : đại học
|c Lê Thị Hồng Thảo; Lê Xuân Trường hướng dẫn
|
| 260 |
# |
# |
|a Đồng Tháp
|b Trường Đại học Đồng Tháp
|c 2011
|
| 300 |
# |
# |
|b bảng
|e 1 bản tóm tắt
|a 66tr.
|c 30 cm.
|
| 500 |
# |
# |
|a ĐTTTS ghi: Bộ Giáo dục và Đào tạo. Trường Đại học Đồng Tháp
|
| 502 |
# |
# |
|a Thư mục : tr.54
|
| 650 |
|
|
|v Khóa luận
|a Đại số
|
| 653 |
# |
# |
|a Lượng giác
|
| 653 |
# |
# |
|a Lớp 10
|
| 653 |
# |
# |
|a Toán học
|
| 653 |
# |
# |
|a Trung học phổ thông
|
| 700 |
1 |
# |
|a Lê, Xuân Trường
|e hướng dẫn
|
| 852 |
# |
# |
|b Kho đọc
|j KD.0012623
|
| 852 |
# |
# |
|j KD.0012623
|
| 910 |
|
|
|d 28/03/2012
|
| 980 |
# |
# |
|a Trung tâm Học liệu Lê Vũ Hùng, Trường Đại học Đồng Tháp
|